000 00306nam a22001337a 4500
008 170622b xxu||||| |||| 00| 0 eng d
020 _a9780073527925
041 _aeng
080 _26TH
_a32
100 _a21
101 _aSHP
245 _aPOLICE IN AMERICA AN INTRODUCTION
_cWALKER,S
942 _2udc
_cBK
999 _c18694
_d18694